000 00510nam a22001937a 4500
005 20251108165820.0
008 250721s1990 xx 000 0 ara d
082 1 4 _aط/613.2/غذا
100 1 _aعبده، يحيى
_eمؤلف
245 1 0 _aغذائي /
264 1 _aالقاهرة :
_bشركة سفير،
_c1990.
300 _a22ص
490 0 _aأنا و بيئتي
650 1 7 _aالتغذية
650 1 7 _aالصحة
650 1 7 _aرعاية الطفولة
942 _2ddc
_cBK
999 _c32016
_d32016